[Event "SR 4. liga A21 2014/2015"]
[Site "?"]
[Date "2015.02.15"]
[Round "9.3"]
[White "Curidlo, Jan"]
[Black "Diviak, Rastislav"]
[Result "0-1"]
[WhiteElo "1889"]
[BlackElo "2001"]
[PlyCount "110"]
[EventDate "2014.??.??"]

1. e4 c5 2. Nf3 a6 3. c3 d5 4. exd5 Qxd5 5. Be2 e5 6. d3 Nf6 7. O-O Be7 8. c4
Qd6 9. Nc3 Nc6 10. a3 O-O 11. Bg5 Be6 12. Bxf6 Bxf6 13. Qc2 Be7 14. Rfd1 Rad8
15. Rab1 f5 16. Bf1 Bf7 17. Re1 Rfe8 18. Rbc1 Bh5 19. Nd5 Bxf3 20. gxf3 Nd4 21.
Qd1 Qg6+ 22. Bg2 Bh4 23. Kf1 Bg5 24. Rb1 Qh6 25. h3 Bd2 26. Re2 Nxe2 27. Kxe2
Bf4 28. b4 Qc6 29. Qb3 b5 30. Rd1 Kh8 31. Ra1 bxc4 32. dxc4 cxb4 33. axb4 Rc8
34. c5 Red8 35. Nxf4 exf4 36. Qc4 Re8+ 37. Kf1 Rcd8 38. Qxf4 Qf6 39. Qc1 Qd4
40. Rb1 Qd2 41. c6 Re2 42. Qxd2 Rdxd2 43. Bh1 Rxf2+ 44. Kg1 Rb2 45. Rd1 Rfd2
46. Re1 h6 47. f4 Rdc2 48. Bd5 Kh7 49. Be6 Kg6 50. Bd7 Rxb4 51. Kh1 Rxf4 52.
Be8+ Kf6 53. Bd7 Rfc4 54. Re6+ Kg5 55. Be8 Kf4 0-1

[Event "SR 4. liga A21 2014/2015"]
[Site "?"]
[Date "2015.02.15"]
[Round "9.3"]
[White "Ocko, Martin"]
[Black "Slaby, Jozef"]
[Result "1-0"]
[WhiteElo "1857"]
[BlackElo "1879"]
[PlyCount "105"]
[EventDate "2014.??.??"]

1. e4 c6 2. d4 d5 3. e5 e6 4. Nf3 Ne7 5. Bd3 Ng6 6. h4 Qc7 7. h5 Ne7 8. Be3 b6
9. h6 g6 10. Bg5 Ng8 11. Qd2 Be7 12. Qf4 f6 13. Bh4 Ba6 14. Qe3 Bxd3 15. cxd3
f5 16. Nc3 Nd7 17. Bxe7 Nxe7 18. Ng5 Nf8 19. Ne2 Kd7 20. Rc1 Qb7 21. Qd2 a5 22.
Qc3 Nc8 23. Qa3 Qc7 24. Nc3 c5 25. Ne2 Rg8 26. f4 Qc6 27. Kf2 Na7 28. dxc5 Nb5
29. Qb3 bxc5 30. a4 Nc7 31. Nd4 c4 32. Qa3 Qb6 33. Ngf3 Rb8 34. Rc2 g5 35. dxc4
g4 36. c5 Qb4 37. c6+ Ke8 38. Nb5 Kd8 39. Qxb4 axb4 40. Nfd4 Rb6 41. Nxc7 Kxc7
42. Nb5+ Rxb5 43. axb5 Ng6 44. Ra1 Nxf4 45. Ra7+ Kb6 46. Rb7+ Ka5 47. c7 Nd3+
48. Kf1 Nxe5 49. c8=Q Rxc8 50. Rxc8 b3 51. Rxh7 Nc4 52. Rxc4 dxc4 53. Rc7 1-0

[Event "SR 4. liga A21 2014/2015"]
[Site "?"]
[Date "2015.02.15"]
[Round "9.3"]
[White "Orvisky, Vladimir"]
[Black "Diviak, Rudolf"]
[Result "1-0"]
[WhiteElo "1800"]
[BlackElo "1836"]
[PlyCount "47"]
[EventDate "2014.??.??"]

1. c4 g6 2. Nc3 Bg7 3. Nf3 Nf6 4. d4 O-O 5. e4 d6 6. Be2 Nbd7 7. O-O e5 8. d5
Ne8 9. Bd2 f5 10. Ng5 Ndf6 11. f4 exf4 12. exf5 Bxf5 13. Rxf4 Nxd5 14. Nxd5 c6
15. Bg4 cxd5 16. Ne6 Qb6+ 17. Kh1 Qxb2 18. Rc1 Be4 19. Nxf8 Nc7 20. Ne6 Nxe6
21. Bxe6+ Kh8 22. Bxd5 Bxd5 23. cxd5 Qxa2 24. Rc7 1-0

[Event "SR 4. liga A21 2014/2015"]
[Site "?"]
[Date "2015.02.15"]
[Round "9.3"]
[White "Ulehla, Jakub"]
[Black "Sedlak, Rastislav"]
[Result "1-0"]
[WhiteElo "1479"]
[BlackElo "1754"]
[PlyCount "131"]
[EventDate "2014.??.??"]

1. e4 e5 2. Nf3 Nc6 3. Bb5 a6 4. Ba4 Nf6 5. O-O b5 6. Bb3 Bc5 7. c3 O-O 8. h3
Nxe4 9. d4 exd4 10. cxd4 Bb6 11. Qd3 d5 12. Nc3 Nxc3 13. bxc3 Qd6 14. Bc2 Qg6
15. Qd1 Bf5 16. Nh4 Bxc2 17. Nxg6 Bxd1 18. Nxf8 Kxf8 19. Rxd1 Re8 20. Be3 Na5
21. Re1 Nc4 22. Bg5 f6 23. Rxe8+ Kxe8 24. Bf4 g5 25. Bg3 h5 26. f3 Kd7 27. Kf1
c5 28. Bf2 cxd4 29. Bxd4 Bxd4 30. cxd4 b4 31. Ke2 a5 32. Kd3 Kc6 33. Re1 Kd7
34. g4 h4 35. Rf1 Ke6 36. f4 gxf4 37. Rxf4 a4 38. Rf1 b3 39. Re1+ Kd6 40. axb3
axb3 41. Kc3 b2 42. Kc2 Kd7 43. Kb1 Kd6 44. Re8 Kd7 45. Rh8 Ke6 46. Rxh4 Na3+
47. Kxb2 Nb5 48. Rh6 Kf7 49. Rh7+ Ke6 50. h4 Nxd4 51. h5 Nf3 52. h6 Ng5 53. Rg7
d4 54. Rxg5 fxg5 55. h7 Ke5 56. h8=Q+ Ke4 57. Qe8+ Kf3 58. Qc6+ Kxg4 59. Qe4+
Kg3 60. Qxd4 g4 61. Qg1+ Kf3 62. Kc2 g3 63. Kd2 g2 64. Ke1 Kg3 65. Ke2 Kh3 66.
Kf2 1-0

[Event "SR 4. liga A21 2014/2015"]
[Site "?"]
[Date "2015.02.15"]
[Round "9.3"]
[White "Slaba, Andrea"]
[Black "Trojkova, Michaela"]
[Result "0-1"]
[WhiteElo "1467"]
[BlackElo "1461"]
[PlyCount "110"]
[EventDate "2014.??.??"]

1. d4 d5 2. c4 e6 3. Nc3 Nf6 4. Bg5 Be7 5. e3 O-O 6. Nf3 h6 7. Bh4 Ne4 8. Bxe7
Nxc3 9. bxc3 Qxe7 10. Qb3 dxc4 11. Bxc4 b6 12. Ne5 Bb7 13. f3 Nd7 14. Nxd7 Qxd7
15. O-O Rfe8 16. Rad1 Bd5 17. e4 Bxc4 18. Qxc4 c6 19. f4 Rac8 20. Qb3 Qe7 21.
Rfe1 Qh4 22. g3 Qe7 23. c4 Rcd8 24. a3 Rd7 25. a4 Red8 26. d5 Qc5+ 27. Kg2 cxd5
28. cxd5 exd5 29. exd5 Rxd5 30. Rxd5 Qxd5+ 31. Qxd5 Rxd5 32. Re2 Kf8 33. Rc2
Rd4 34. Rc8+ Ke7 35. Rc7+ Rd7 36. Rc2 Kd8 37. h3 Rd4 38. Ra2 a5 39. Rb2 Rxa4
40. Rxb6 Kc7 41. Rb3 Ra2+ 42. Kf3 a4 43. Re3 Rd2 44. Ra3 Rd4 45. Ke3 Rb4 46.
Ra1 Kb6 47. Kd2 Kb5 48. Kc2 Rb3 49. Rb1 Rxb1 50. Kxb1 Kc4 51. g4 Kd4 52. f5 Ke4
53. h4 Kf4 54. g5 hxg5 55. f6 g6 0-1

[Event "SR 4. liga A21 2014/2015"]
[Site "?"]
[Date "2015.02.15"]
[Round "9.4"]
[White "Kovarik, Oto"]
[Black "Palka, Miroslav"]
[Result "0-1"]
[WhiteElo "1926"]
[BlackElo "1912"]
[PlyCount "62"]
[EventDate "2014.??.??"]

1. e4 c5 2. Nf3 d6 3. d4 cxd4 4. Nxd4 Nf6 5. Nc3 g6 6. Be2 Bg7 7. Be3 O-O 8.
O-O Nc6 9. h3 Bd7 10. Qd2 Rc8 11. f4 a6 12. a3 Na5 13. Bf2 Nc4 14. Bxc4 Rxc4
15. Rfe1 Qa5 16. Qd3 Rfc8 17. Nce2 e5 18. fxe5 dxe5 19. Nb3 Qc7 20. Nc3 Be6 21.
Rad1 Nh5 22. Qd6 Nf4 23. Qb6 Qe7 24. Qd6 Qg5 25. g3 Nxh3+ 26. Kg2 Qg4 27. Rh1
h5 28. Nd2 R4c6 29. Qb4 h4 30. Rdf1 Nf4+ 31. Kg1 hxg3 0-1

[Event "SR 4. liga A21 2014/2015"]
[Site "?"]
[Date "2015.02.15"]
[Round "9.4"]
[White "Tokos, Rastislav"]
[Black "Cerovsky, Marian"]
[Result "1/2-1/2"]
[WhiteElo "1827"]
[BlackElo "1847"]
[PlyCount "58"]
[EventDate "2014.??.??"]

1. e4 e5 2. Nf3 Nc6 3. Bb5 a6 4. Bxc6 dxc6 5. d4 exd4 6. Qxd4 Qxd4 7. Nxd4 Bc5
8. Be3 Nf6 9. Nd2 O-O 10. f3 Bxd4 11. Bxd4 Nd7 12. Nc4 c5 13. Bf2 b5 14. Na5 f5
15. exf5 Rxf5 16. O-O-O Rf7 17. Bg3 Nf8 18. Rd8 Rd7 19. Rd1 Rxd1+ 20. Kxd1 Kf7
21. Nb3 Ne6 22. Rd5 c4 23. Nc5 Ra7 24. Rf5+ Ke7 25. Bh4+ Kd6 26. Bg3+ Ke7 27.
Bh4+ Ke8 28. Re5 Kf7 29. Bf2 Nxc5 1/2-1/2

[Event "SR 4. liga A21 2014/2015"]
[Site "?"]
[Date "2015.02.15"]
[Round "9.4"]
[White "Damborsky, Pavol"]
[Black "Fidericky, Milan"]
[Result "1/2-1/2"]
[WhiteElo "1772"]
[BlackElo "1772"]
[PlyCount "51"]
[EventDate "2014.??.??"]

1. e4 e5 2. Nf3 Nf6 3. Nc3 Nc6 4. Bc4 Bc5 5. h3 h6 6. a3 a6 7. d3 d6 8. Ne2 O-O
9. Ng3 Be6 10. Bxe6 fxe6 11. c3 Rf7 12. O-O Qd7 13. Be3 Bxe3 14. fxe3 Raf8 15.
Qe2 Ne7 16. Rad1 Qc6 17. Qc2 Ng6 18. d4 Qb6 19. Rde1 c6 20. d5 cxd5 21. exd5
Nf4 22. dxe6 Nxe6 23. Kh2 Nd5 24. Qd2 Nf6 25. Nh4 Ng5 26. Qc2 1/2-1/2

[Event "SR 4. liga A21 2014/2015"]
[Site "?"]
[Date "2015.02.15"]
[Round "9.4"]
[White "Huska, Branislav"]
[Black "Dubecky, Ladislav"]
[Result "1/2-1/2"]
[WhiteElo "1689"]
[BlackElo "1620"]
[PlyCount "75"]
[EventDate "2014.??.??"]

1. e4 e5 2. Nf3 d6 3. d4 exd4 4. Nxd4 Nf6 5. Nc3 Be7 6. Be2 c5 7. Nf3 O-O 8. h3
Nc6 9. Be3 a6 10. a4 Be6 11. O-O Qb6 12. Nd5 Bxd5 13. exd5 Nb4 14. a5 Qc7 15.
Bc4 b5 16. axb6 Qb7 17. Qe2 Nbxd5 18. Bxa6 Qxb6 19. Bb5 Rxa1 20. Rxa1 Nxe3 21.
fxe3 Rb8 22. c4 Ne4 23. Nd2 Nxd2 24. Qxd2 Rd8 25. Qd5 Bf6 26. Ra6 Qc7 27. b3
Qe7 28. e4 Be5 29. Ra8 g6 30. Rxd8+ Qxd8 31. Qd3 Qg5 32. Bc6 Qc1+ 33. Kf2 Qf4+
34. Ke2 Bd4 35. Qf3 Qc1 36. Bd5 Qc2+ 37. Kf1 Qc1+ 38. Ke2 1/2-1/2

[Event "SR 4. liga A21 2014/2015"]
[Site "?"]
[Date "2015.02.15"]
[Round "9.4"]
[White "Pisecky, Jan"]
[Black "Barcaj, Jaroslav"]
[Result "0-1"]
[WhiteElo "1481"]
[BlackElo "1600"]
[PlyCount "56"]
[EventDate "2014.??.??"]

1. e4 c5 2. Nc3 Nc6 3. Nf3 Nf6 4. d3 g6 5. Bf4 Bg7 6. h3 a6 7. Be2 O-O 8. g4 b5
9. e5 Ne8 10. h4 d6 11. exd6 Bxc3+ 12. bxc3 Bxg4 13. Bh6 exd6 14. Bxf8 Kxf8 15.
Qd2 Kg7 16. O-O-O Qa5 17. Qf4 Qxc3 18. Qxg4 Nb4 19. Ne1 Qa3+ 20. Kd2 Nxa2 21.
h5 Nf6 22. h6+ Kf8 23. Qf4 Qc3+ 24. Ke3 Nd5+ 25. Kf3 Nxf4 26. Kxf4 Qe5+ 27. Kf3
Nc3 28. Rd2 Qd5+ 0-1

[Event "SR 4. liga A21 2014/2015"]
[Site "?"]
[Date "2015.02.15"]
[Round "9.5"]
[White "Lopatievov, Alexander"]
[Black "Skapikova, Lubica"]
[Result "0-1"]
[WhiteElo "1926"]
[BlackElo "1862"]
[PlyCount "94"]
[EventDate "2014.??.??"]

1. b4 d5 2. Bb2 Nf6 3. Nf3 e6 4. a3 c5 5. bxc5 Bxc5 6. e3 O-O 7. c4 Nc6 8. d4
Be7 9. Nc3 dxc4 10. Bxc4 Na5 11. Bd3 Bd7 12. O-O Rc8 13. Ne5 Nd5 14. Nxd5 exd5
15. Nxd7 Qxd7 16. e4 dxe4 17. Bxe4 Nc4 18. Bc1 Bf6 19. Be3 Nd6 20. Bd3 g6 21.
Rb1 b6 22. Qf3 Bg7 23. Rb3 Qe6 24. d5 Qf6 25. Qxf6 Bxf6 26. Rd1 Rfd8 27. Be2
Be7 28. a4 Ne4 29. Bf3 Nc3 30. Rd2 Nxa4 31. g3 Rd7 32. Kg2 Bd6 33. Bd4 Nc5 34.
Bxc5 Rxc5 35. Ra2 Rc1 36. Be2 Bc5 37. Rd3 a5 38. Rdd2 Bb4 39. Rd4 Rd6 40. Bc4
Bc5 41. Re4 f5 42. Re8+ Kf7 43. Bb5 Rxd5 44. Rc8 Kf6 45. Re2 Rcd1 46. Rc7 Re5
47. Rc2 Bd6 0-1

[Event "SR 4. liga A21 2014/2015"]
[Site "?"]
[Date "2015.02.15"]
[Round "9.5"]
[White "Sadlon, Juraj"]
[Black "Zarecky, Eduard"]
[Result "0-1"]
[WhiteElo "1820"]
[BlackElo "1913"]
[PlyCount "72"]
[EventDate "2014.??.??"]

1. e4 c5 2. Nf3 Nc6 3. c3 g6 4. Bb5 Bg7 5. O-O Nf6 6. d3 O-O 7. Nbd2 a6 8. Ba4
Qc7 9. Re1 Ng4 10. Nf1 d6 11. h3 Nge5 12. Nxe5 Nxe5 13. f4 Nc6 14. Be3 b5 15.
Bc2 b4 16. Qd2 bxc3 17. bxc3 Qa5 18. c4 Qxd2 19. Nxd2 Bxa1 20. Rxa1 Nb4 21. Bb1
Nc6 22. Bc2 Rb8 23. Nb3 Nb4 24. Bb1 f6 25. Kf2 e5 26. Na5 Bd7 27. a3 Nc6 28.
Nxc6 Bxc6 29. Kf3 Rb2 30. Bc1 Rb3 31. Ke2 Rfb8 32. Bc2 R3b7 33. Kd1 f5 34. Bd2
fxe4 35. dxe4 exf4 36. Bxf4 Rf8 0-1

[Event "SR 4. liga A21 2014/2015"]
[Site "?"]
[Date "2015.02.15"]
[Round "9.5"]
[White "Gajarsky, Julius"]
[Black "Sadlon, Matus"]
[Result "1/2-1/2"]
[WhiteElo "1798"]
[BlackElo "1591"]
[PlyCount "31"]
[EventDate "2014.??.??"]

1. d4 Nf6 2. c4 g6 3. e4 Nxe4 4. Bd3 Nf6 5. Nf3 d6 6. O-O Bg7 7. Bg5 O-O 8. Nc3
Re8 9. Qc2 Bg4 10. Nh4 e5 11. h3 Bc8 12. dxe5 dxe5 13. Rad1 Nbd7 14. f4 exf4
15. Rxf4 Re5 16. Ne4 1/2-1/2

[Event "SR 4. liga A21 2014/2015"]
[Site "?"]
[Date "2015.02.15"]
[Round "9.5"]
[White "Brath, Zdeno"]
[Black "Kozinka, Jan"]
[Result "0-1"]
[WhiteElo "1500"]
[BlackElo "1791"]
[PlyCount "60"]
[EventDate "2014.??.??"]

1. e4 c5 2. Bc4 Nf6 3. e5 d5 4. exf6 dxc4 5. fxg7 Bxg7 6. c3 Nc6 7. Na3 Ne5 8.
Nxc4 Nd3+ 9. Kf1 Nxc1 10. Rxc1 O-O 11. Nf3 e5 12. Ncxe5 Qb6 13. b3 Re8 14. Nc4
Qf6 15. h3 b5 16. Ne3 Bb7 17. Nh2 Rad8 18. Nhg4 Qd6 19. Rc2 f5 20. Nxf5 Qd3+
21. Kg1 Qxf5 22. Kh2 Qf4+ 23. Kg1 Qe4 24. Ne3 Qd3 25. h4 Kh8 26. Rh3 Qe4 27.
Qg4 Qxg4 28. Nxg4 Re1+ 29. Kh2 h5 30. Ne3 Be5+ 0-1

[Event "SR 4. liga A21 2014/2015"]
[Site "?"]
[Date "2015.02.15"]
[Round "9.6"]
[White "Hudacek, Josef"]
[Black "Podjavorinsky, Michal"]
[Result "1-0"]
[WhiteElo "2037"]
[BlackElo "1736"]
[PlyCount "61"]
[EventDate "2014.??.??"]

1. e4 Nf6 2. Nc3 d5 3. e5 d4 4. Nce2 Ng4 5. f4 Nc6 6. Nf3 e6 7. Ng3 Bc5 8. h3
Nh6 9. d3 O-O 10. Be2 Ne7 11. O-O Nhf5 12. Ne4 b6 13. g4 Nh6 14. a3 a5 15. Bd2
Nd5 16. Nxc5 bxc5 17. Qe1 Bb7 18. Ng5 Qe7 19. Bf3 Rab8 20. Be4 g6 21. Qg3 f6
22. exf6 Nxf6 23. Bxb7 Rxb7 24. Rae1 Rb6 25. f5 gxf5 26. Nxe6 Rxe6 27. Bxh6 f4
28. Bxf8 Kxf8 29. Rxe6 Qxe6 30. Qxf4 Kf7 31. g5 1-0

[Event "SR 4. liga A21 2014/2015"]
[Site "?"]
[Date "2015.02.15"]
[Round "9.6"]
[White "Miciak, Emanuel"]
[Black "Vepy, Ivan"]
[Result "1-0"]
[WhiteElo "1882"]
[BlackElo "1923"]
[PlyCount "59"]
[EventDate "2014.??.??"]

1. d4 e6 2. Nf3 Nf6 3. Bg5 d5 4. e3 Be7 5. c4 O-O 6. Bd3 b6 7. cxd5 exd5 8. O-O
Bg4 9. Nbd2 Nbd7 10. Rc1 c5 11. b3 h6 12. Bh4 Ne4 13. Bxe7 Qxe7 14. Qc2 f5 15.
Rfe1 Rac8 16. h3 Bh5 17. Ba6 Rc7 18. Qb2 Rf6 19. Bd3 Rg6 20. Bf1 Ng5 21. Nxg5
Qxg5 22. g3 Qe7 23. Bg2 Nf6 24. dxc5 bxc5 25. b4 c4 26. Qd4 Qxb4 27. Bxd5+ Kh7
28. Rxc4 Rxc4 29. Bxc4 Ne4 30. Bg8+ 1-0

[Event "SR 4. liga A21 2014/2015"]
[Site "?"]
[Date "2015.02.15"]
[Round "9.6"]
[White "Vogl, Zdenek"]
[Black "Podjavorinsky, Peter"]
[Result "1/2-1/2"]
[WhiteElo "1909"]
[BlackElo "1707"]
[PlyCount "87"]
[EventDate "2014.??.??"]

1. e4 e5 2. Nf3 Nf6 3. Nc3 Nc6 4. a3 Bc5 5. Bc4 d6 6. h3 Bb6 7. d3 Be6 8. Bxe6
fxe6 9. Na4 O-O 10. Nxb6 axb6 11. c3 Qe8 12. O-O Nh5 13. Ng5 h6 14. Nxe6 Qxe6
15. Qxh5 Rf6 16. Qg4 Qf7 17. Qe2 Rf8 18. Be3 Rg6 19. f4 exf4 20. Rxf4 Rf6 21.
Rxf6 Qxf6 22. Rf1 Qxf1+ 23. Qxf1 Rxf1+ 24. Kxf1 Kf7 25. Ke2 b5 26. b4 g5 27. d4
Ne7 28. h4 Kg6 29. hxg5 hxg5 30. Kf3 d5 31. Bd2 dxe4+ 32. Kxe4 Kf6 33. Kd3 c6
34. c4 Kf5 35. cxb5 cxb5 36. Ke3 g4 37. g3 Nd5+ 38. Kd3 Nf6 39. Bf4 Nd5 40. Bb8
Nb6 41. d5 Nxd5 42. Kd4 Ke6 43. Kc5 Nc3 44. Bf4 1/2-1/2

[Event "SR 4. liga A21 2014/2015"]
[Site "?"]
[Date "2015.02.15"]
[Round "9.6"]
[White "Madzo, Anton"]
[Black "Hrubsa, Marian"]
[Result "1/2-1/2"]
[WhiteElo "1582"]
[BlackElo "1826"]
[PlyCount "86"]
[EventDate "2014.??.??"]

1. e4 e6 2. d4 d5 3. e5 c5 4. Bb5+ Bd7 5. Bxd7+ Nxd7 6. c3 cxd4 7. cxd4 Ne7 8.
Nf3 Nf5 9. O-O Be7 10. Nc3 O-O 11. Ne2 Nb6 12. b3 Rc8 13. Bb2 Qd7 14. Qd3 f6
15. Rac1 Rcd8 16. Ng3 fxe5 17. Nxe5 Qd6 18. Nxf5 Rxf5 19. f4 Rdf8 20. g3 Qd8
21. Qc3 Bd6 22. Rc2 Qf6 23. Rcf2 Qh6 24. Kg2 Rc8 25. Qa5 Bc7 26. Qb4 Rff8 27.
Qe7 Rfe8 28. Qg5 Qxg5 29. fxg5 Bxe5 30. dxe5 Rf8 31. Ba3 Rxf2+ 32. Rxf2 Nd7 33.
Bd6 Rc3 34. Rf3 d4 35. Bb4 Rxf3 36. Kxf3 Nxe5+ 37. Ke4 Nc6 38. Bc5 e5 39. b4 a6
40. a4 Kf7 41. b5 axb5 42. axb5 Nb8 43. Kxe5 d3 1/2-1/2

[Event "SR 4. liga A21 2014/2015"]
[Site "?"]
[Date "2015.02.15"]
[Round "9.6"]
[White "Planka, Peter"]
[Black "Kosinar, Oto"]
[Result "1-0"]
[WhiteElo "1764"]
[BlackElo "1000"]
[PlyCount "89"]
[EventDate "2014.??.??"]

1. e4 e5 2. Nf3 Nf6 3. Nxe5 d6 4. Nf3 Nxe4 5. Bc4 Be7 6. O-O O-O 7. Re1 Ng5 8.
Nxg5 Bxg5 9. d4 d5 10. Bd3 f6 11. Nd2 a6 12. Nf1 Nc6 13. c3 Bxc1 14. Rxc1 Ne7
15. Ng3 f5 16. f4 Ng6 17. Qf3 Qh4 18. Rf1 c6 19. Rce1 Qh6 20. Ne2 Bd7 21. g3
Ne7 22. Nc1 Rae8 23. Re3 Qf6 24. Rfe1 Ng6 25. Nb3 Qf7 26. Nc5 Bc8 27. b3 b6 28.
Na4 Rxe3 29. Qxe3 Qc7 30. c4 Kh8 31. Nc3 Qd8 32. Bf1 Bb7 33. Bg2 Qd7 34. cxd5
cxd5 35. Qe6 Qxe6 36. Rxe6 Rf6 37. Rxf6 gxf6 38. Bxd5 Bxd5 39. Nxd5 b5 40. Nc7
Ne7 41. Nxa6 Kg7 42. Nc7 b4 43. Kf2 Kf7 44. Ke3 Nc8 45. Nd5 1-0

[Event "SR 4. liga A21 2014/2015"]
[Site "?"]
[Date "2015.03.01"]
[Round "10.1"]
[White "Nemeckay, Rastislav"]
[Black "Podjavorinsky, Michal"]
[Result "1-0"]
[WhiteElo "1985"]
[BlackElo "1736"]
[PlyCount "111"]
[EventDate "2014.??.??"]

1. e4 Nf6 2. e5 Nd5 3. d4 d6 4. c4 Nb6 5. exd6 cxd6 6. Nc3 g6 7. Be3 Bg7 8. Qd2
O-O 9. Bh6 Bf5 10. Bxg7 Kxg7 11. Bd3 Bxd3 12. Qxd3 N8d7 13. Nf3 Rc8 14. b3 Nf6
15. d5 Nbd7 16. O-O Re8 17. Rfe1 Qb6 18. Re2 e6 19. dxe6 Rxe6 20. Rxe6 fxe6 21.
Rd1 Ne5 22. Nxe5 dxe5 23. Ne4 Nxe4 24. Qxe4 Qc7 25. Qd3 Re8 26. Qd7+ Re7 27.
Qxc7 Rxc7 28. Kf1 Kf6 29. Ke2 Kf5 30. Ke3 h6 31. Rc1 b6 32. f3 a5 33. a3 a4 34.
b4 g5 35. g4+ Kf6 36. c5 bxc5 37. bxc5 Ke7 38. Ke4 Kf6 39. c6 Rc8 40. c7 Kf7
41. Kxe5 Ke7 42. f4 gxf4 43. Kxf4 Kd6 44. h4 Rxc7 45. Rxc7 Kxc7 46. Ke5 Kd7 47.
Kf6 Kd6 48. g5 hxg5 49. hxg5 Kc5 50. g6 Kc4 51. g7 Kb3 52. g8=Q Kxa3 53. Qa8
Kb3 54. Qb7+ Ka2 55. Qb4 a3 56. Ke5 1-0

[Event "SR 4. liga A21 2014/2015"]
[Site "?"]
[Date "2015.03.01"]
[Round "10.1"]
[White "Miciak, Emanuel"]
[Black "Celustkova, Lubica"]
[Result "0-1"]
[WhiteElo "1882"]
[BlackElo "1614"]
[PlyCount "96"]
[EventDate "2014.??.??"]

1. d4 Nf6 2. c4 g6 3. Nc3 Bg7 4. e4 d6 5. f3 Nbd7 6. Be3 c6 7. Bd3 e5 8. d5 Nb6
9. Nge2 Qc7 10. Rc1 a6 11. b3 c5 12. a3 Nbd7 13. O-O O-O 14. Qd2 Qd8 15. Na4
Ne8 16. b4 b6 17. Rb1 Rb8 18. Rb2 b5 19. cxb5 axb5 20. Nac3 c4 21. Bc2 Ba6 22.
a4 Nc7 23. axb5 Nxb5 24. Nxb5 Bxb5 25. Nc3 Ba6 26. Ra1 Bc8 27. Na4 Qc7 28. Qc3
Ba6 29. Rba2 Bb5 30. Nb2 Rfc8 31. Bd1 f5 32. Ra7 Rb7 33. Be2 Nf6 34. Rxb7 Qxb7
35. Ra7 Qb8 36. Qc2 fxe4 37. fxe4 c3 38. Nd3 Bxd3 39. Bxd3 Ng4 40. Qc1 Nxe3 41.
Qxe3 c2 42. Ra1 Qxb4 43. Rc1 Rc3 44. Kf1 Bh6 45. Qxh6 Rxd3 46. Rxc2 Rd1+ 47.
Ke2 Qe1+ 48. Kf3 Rd3+ 0-1

[Event "SR 4. liga A21 2014/2015"]
[Site "?"]
[Date "2015.03.01"]
[Round "10.1"]
[White "Sobek, Michal"]
[Black "Smrek, Peter"]
[Result "0-1"]
[WhiteElo "1684"]
[BlackElo "1831"]
[PlyCount "54"]
[EventDate "2014.??.??"]

1. e4 e5 2. Nf3 Nc6 3. Bb5 Bc5 4. O-O Nge7 5. Nc3 a6 6. Ba4 d6 7. h3 O-O 8. Re1
h6 9. Ne2 f5 10. Bb3+ Kh8 11. Ng3 fxe4 12. Nxe4 Ba7 13. d3 Nf5 14. c3 d5 15.
Ned2 Qd6 16. c4 Qc5 17. Qe2 Ng3 18. Qe3 d4 19. Ne4 dxe3 20. Nxc5 exf2+ 21. Kxf2
Nf5 22. Nxe5 Bxc5+ 23. Kf3 Nfd4+ 24. Ke4 Nxe5 25. Kd5 Nxd3 26. Rd1 c6+ 27. Ke4
Bf5+ 0-1

[Event "SR 4. liga A21 2014/2015"]
[Site "?"]
[Date "2015.03.01"]
[Round "10.1"]
[White "Podjavorinsky, Peter"]
[Black "Klimes, Karel"]
[Result "0-1"]
[WhiteElo "1707"]
[BlackElo "1688"]
[PlyCount "74"]
[EventDate "2014.??.??"]

1. e4 e5 2. Nf3 Nc6 3. Bc4 Be7 4. d4 exd4 5. Nxd4 Nf6 6. Nxc6 dxc6 7. Qxd8+
Bxd8 8. O-O O-O 9. e5 Nd5 10. a4 Re8 11. f4 Be7 12. c3 Bc5+ 13. Kh1 Bf5 14.
Bxd5 cxd5 15. b4 Be7 16. Be3 a5 17. b5 c6 18. bxc6 bxc6 19. Nd2 Rab8 20. c4 Rb2
21. cxd5 cxd5 22. Rf2 Rc8 23. Nf3 Rxf2 24. Bxf2 Rc2 25. Be3 Rc4 26. Kg1 h6 27.
h3 Bd7 28. Bb6 Rxf4 29. Bxa5 Rxa4 30. Rxa4 Bxa4 31. Bb6 g5 32. g4 Bb4 33. Bd4
Kf8 34. Kf2 Ke7 35. Kg3 Bd1 36. Bb6 Ke6 37. Ba7 Bxf3 0-1

[Event "SR 4. liga A21 2014/2015"]
[Site "?"]
[Date "2015.03.01"]
[Round "10.1"]
[White "Wallner, Juraj"]
[Black "Madzo, Anton"]
[Result "0-1"]
[WhiteElo "1606"]
[BlackElo "1582"]
[PlyCount "68"]
[EventDate "2014.??.??"]

1. e4 e6 2. d4 d6 3. Nf3 Be7 4. Nc3 Bd7 5. Be3 a6 6. Bd3 b5 7. a3 Bc8 8. Qd2
Bb7 9. d5 e5 10. O-O Nf6 11. h3 O-O 12. Qe2 Bc8 13. Nd2 Nfd7 14. b4 Bg5 15. f4
exf4 16. Bxf4 Bxf4 17. Rxf4 Ne5 18. Qh5 Nbd7 19. Qe2 Ng6 20. Rf2 Nde5 21. Qf1
Qg5 22. Nf3 Nxf3+ 23. Rxf3 Ne5 24. Kh1 Nxf3 25. Qxf3 Qe5 26. Be2 Bd7 27. Rf1
Rae8 28. Qd3 f5 29. exf5 Bxf5 30. Qd2 Qe3 31. Qxe3 Rxe3 32. Bd3 Bxd3 33. Rxf8+
Kxf8 34. cxd3 Rxd3 0-1

[Event "SR 4. liga A21 2014/2015"]
[Site "?"]
[Date "2015.03.01"]
[Round "10.2"]
[White "Mackovic, Matus"]
[Black "Hudacek, Josef"]
[Result "1/2-1/2"]
[WhiteElo "1949"]
[BlackElo "2037"]
[PlyCount "45"]
[EventDate "2014.??.??"]

1. e4 c5 2. Nf3 d6 3. d4 cxd4 4. Nxd4 Nf6 5. Nc3 a6 6. Be2 e6 7. Be3 Be7 8. f4
Qc7 9. Qd2 Bd7 10. O-O-O Nc6 11. Rhg1 O-O-O 12. g4 d5 13. e5 Ne8 14. Bf3 Bb4
15. a3 Bxc3 16. Qxc3 Na5 17. Qxc7+ Nxc7 18. b3 Nc6 19. Be2 b5 20. Kb2 Kb7 21.
Kc1 Rc8 22. Nxc6 Bxc6 23. Bd4 1/2-1/2

[Event "SR 4. liga A21 2014/2015"]
[Site "?"]
[Date "2015.03.01"]
[Round "10.2"]
[White "Vepy, Ivan"]
[Black "Zarecky, Eduard"]
[Result "1/2-1/2"]
[WhiteElo "1923"]
[BlackElo "1913"]
[PlyCount "104"]
[EventDate "2014.??.??"]

1. e4 c5 2. Nf3 Nc6 3. d4 cxd4 4. Nxd4 d6 5. Nxc6 bxc6 6. Bd3 g6 7. O-O Bg7 8.
Qd2 Qb6 9. Nc3 Be6 10. Kh1 Nf6 11. h3 O-O 12. f4 Nh5 13. Kh2 f5 14. Be2 Nxf4
15. Rxf4 Be5 16. Kh1 Bxf4 17. Qxf4 Qd4 18. Be3 Qb4 19. Rb1 fxe4 20. Qg5 d5 21.
a3 Qd6 22. Rd1 Qc7 23. Na4 Rf5 24. Qh4 Raf8 25. Kg1 Bc8 26. Nc5 e5 27. b4 h5
28. Bh6 R8f7 29. Nxe4 Kh7 30. g4 Kxh6 31. gxf5 Rxf5 32. Nc5 e4 33. Kh1 Qf7 34.
Rg1 g5 35. Qg3 Qf6 36. c3 Rf2 37. Rg2 Rxe2 38. Rxe2 Qf1+ 39. Kh2 Qxe2+ 40. Kg1
h4 41. Qd6+ Kh5 42. Qxc6 Qe1+ 43. Kh2 Qg3+ 44. Kh1 Qxh3+ 45. Kg1 Qe3+ 46. Kh2
Bf5 47. Qxd5 Qf2+ 48. Kh1 Qf3+ 49. Kg1 Bh3 50. Qxe4 Qd1+ 51. Kh2 Qd6+ 52. Kh1
Qg6 1/2-1/2

[Event "SR 4. liga A21 2014/2015"]
[Site "?"]
[Date "2015.03.01"]
[Round "10.2"]
[White "Mackovic, Miroslav"]
[Black "Vogl, Zdenek"]
[Result "1/2-1/2"]
[WhiteElo "1846"]
[BlackElo "1909"]
[PlyCount "85"]
[EventDate "2014.??.??"]

1. e4 e5 2. Nf3 Nc6 3. Bb5 a6 4. Ba4 Nf6 5. O-O b5 6. Bb3 Be7 7. Re1 O-O 8. c3
d6 9. d4 exd4 10. Nxd4 Bb7 11. Nxc6 Bxc6 12. f3 Nd7 13. Be3 Ne5 14. Qe2 Bd7 15.
Nd2 Be6 16. Red1 Qe8 17. h3 Bxb3 18. axb3 f5 19. Ra2 f4 20. Bf2 Qc8 21. Rda1
Rf6 22. b4 Rg6 23. Kh2 c5 24. c4 bxc4 25. Nxc4 Qb7 26. bxc5 Qb5 27. Ra4 dxc5
28. Qc2 Nxc4 29. Qxc4+ Qxc4 30. Rxc4 Rc6 31. b4 Rac8 32. Rac1 Kf7 33. bxc5 Ke6
34. g3 Bd6 35. g4 g5 36. Bd4 Be7 37. Kg2 Rb8 38. Kf2 Bf6 39. Bxf6 Kxf6 40. R1c2
Rb3 41. Ra4 Rb5 42. Ke2 a5 43. Rac4 1/2-1/2

[Event "SR 4. liga A21 2014/2015"]
[Site "?"]
[Date "2015.03.01"]
[Round "10.2"]
[White "Kubik, Peter"]
[Black "Bango, Dominik"]
[Result "1-0"]
[WhiteElo "1826"]
[BlackElo "1557"]
[PlyCount "69"]
[EventDate "2014.??.??"]

1. e4 e5 2. Nf3 Nc6 3. Bb5 a6 4. Ba4 d6 5. O-O Nf6 6. Re1 Be7 7. d4 exd4 8.
Nxd4 Bd7 9. Nc3 O-O 10. Bb3 Nxd4 11. Qxd4 Bc6 12. Re3 Ng4 13. Rg3 Bf6 14. Qd3
Nxf2 15. Kxf2 Bh4 16. Kg1 Bxg3 17. Qxg3 Qf6 18. Be3 Rae8 19. Rf1 Qg6 20. Qxg6
hxg6 21. Rf4 Re7 22. Kf2 Rfe8 23. h4 Kh7 24. Bxf7 Rf8 25. Bxg6+ Kxg6 26. Rxf8
Bxe4 27. Nxe4 Rxe4 28. Rf4 Re5 29. g4 Re7 30. h5+ Kh7 31. g5 Kg8 32. h6 d5 33.
Bc5 Rd7 34. Bf8 g6 35. Bg7 1-0